Sprint Géographique : Tous les Pays en 'M' (90 Secondes) - Statistiques

Statistiques générales
  • Ce quiz a été pris 78 fois
  • Le résultat moyen est 9 sur 18
Statistiques - réponses
Hint Réponse % Correct
M Mauritanie
74%
M Mali
66%
M Maroc
61%
M Mexique
60%
M Malawi
56%
M Monténégro
55%
M Madagascar
53%
M Moldavie
53%
M Mongolie
53%
M Mozambique
52%
M Malaisie
45%
M Maldives
40%
M Monaco
40%
M Macédoine du Nord
39%
M Maurice
39%
M Malte
35%
M Micronésie
16%
M Marshall
15%
Aucun quiz correspondant
Distribution des résultats
% des personnes avec chaque résultat
Percentile par nombre de réponses
Votre historique - résultats
Vous n’avez pas pris ce quiz